Statystyki dla Najdrozsi zawodnicy bundesligii

Kliknij tutaj aby rozwiązać quiz!

Ogólne statystyki

  • Ten quiz został rozwiązany 17 razy
  • Średni wynik to 20 z 50

Statystyki odpowiedzi

HintOdpowiedź% Poprawnych
110mlnMusiala
92%
75mlnSane
92%
70mlnDe ligt
83%
55mlnGnabry
83%
110mlnKane
83%
75mlnKimmich
75%
35mlnKobel
67%
60mlnUpamecano
67%
70mlnDavies
58%
45mlnGoretzka
58%
30mlnSule
58%
50mlnTel
58%
40mlnBoniface
50%
28mlnLaimer
50%
50mlnOlmo
50%
35mlnAdeyemi
42%
40mlnBrandt
42%
65mlnComan
42%
45mlnFrimpong
42%
25mlnGrimaldo
42%
40mlnGuirassy
42%
35mlnMalen
42%
45mlnOpenda
42%
70mlnSimons
42%
85mlnWirtz
42%
25mlnHaller
33%
28mlnMazraoui
33%
30mlnMoukoko
33%
20mlnWerner
33%
20mlnBensebaini
25%
40mlnKone
25%
35mlnLukeba
25%
35mlnPalacios
25%
25mlnSchick
25%
28mlnSchlager
25%
40mlnSchloterbeck
25%
20mlnXhaka
25%
35mlnHincapie
17%
60mlnJae
17%
27mlnMajer
17%
25mlnNmecha
17%
30mlnSesko
17%
35mlnSimakan
17%
20mlnTah
17%
40mlnTapsoba
17%
22mlnWind
17%
25mlnAdli
8%
24mlnBaumgartner
8%
28mknKossounou
8%
23mlnTella
8%

Rozkład punktacji

Percentyl według liczby udzielonych odpowiedzi

Procent ludzi z każdym wynikiem

Twoja historia wyników

Nie rozwiązałeś tego quizu